000 00621nam a22002177a 4500
003 OSt
005 20140311162959.0
008 130207t xxu||||| |||| 00| 0 eng d
020 _a9789712356834
050 _aHG 4016.P6
_b.An15 2010
245 _aFundamentals of financial management :
_cMa. Flordeliza Anastacio ..et.
_hwith industry-based perspective /
260 _aManila :,
_b Rex Book Store
_c2010
300 _a2104 p. :
_c 25 cm.
_bill. ;
521 _aBSBA
650 _a. Financial management.
942 _2lcc
_cBK
_kLOC
999 _c39157
_d39157